| 000 | 01823nam a2200253 a 4500 | ||
|---|---|---|---|
| 001 | 000000201 | ||
| 005 | 20240411202003.0 | ||
| 008 | 090720s2003 dr 001 0 spa d | ||
| 040 |
_aDO-SdBNP _bspa _cBNHPU |
||
| 082 |
_a352 _bA485e |
||
| 100 | 1 |
_aAmaro Guzmán, Raymundo _9656 |
|
| 245 | 1 | 0 |
_aEjercicio de la función pública y los principios constitucionales de derechos humanos que deben sustentarla. / _cRaymundo Amaro Guzmán ; presentación Lupo Hernández Rueda ; prólogo José Ricardo Estrella Fernández. |
| 260 |
_aSanto Domingo : _bPunto Mágico, _c2003. |
||
| 300 |
_a151 p. : ; _c21 cm. |
||
| 500 | _aIncluye notas al pie de las páginas | ||
| 504 | _aBibliográfia p:139- 149 | ||
| 505 | 2 | _aIntroducción -- Concepto de los derechos humano -- Declaración universal de los derechos humanos -- Principios de la gestión de recursos humanos -- El régimen constitucional dominicano y la protección de los derechos humanos de la función pública -- Estudio comparado de los principios de derechos humanos de la función pública en el constitucionalismo latinoamericano -- Financiamiento de los partidos políticos en el derecho constitucional -- Precedente del proyecto de reforma constitucional de la UNPHU -- Remodelación de los partidos políticos -- Incorporación de los principios cardinales de la función pública en la declaración universal de derechos humanos -- Antecedentes de la Corte Interamericana de los Derechos Humanos -- Conclusiones y recomendaciones. | |
| 651 | 4 |
_aRepública Dominicana _xAdministración Pública _9657 |
|
| 650 | 0 |
_aDerechos humanos _9658 |
|
| 650 | 4 |
_aFunción pública _9659 |
|
| 650 | 4 |
_aPartidos políticos _xRepública dominicana _9660 |
|
| 700 | 1 |
_aEstrella Fernández, José Ricardo _epról. _9661 |
|
| 700 |
_aHernández Rueda, Lupo, _d1930-2017 _epres. _923790 |
||
| 999 |
_c201 _d201 |
||